Регионална библиотека "Любен Каравелов" - Русе

Човешките типове (Запис номер 24173)

MARC детайли
000 -Лидер
Контролно поле с фиксирана дължина 02414nam a2200433 c 4500
003 - Код на организацията, давaща контролен номер
Контролно поле BLK
005 - Дата и час на последна редакция
Контролно поле 20180422095459.0
008 - Елементи от данни с фиксирана дължина
fixed length control field 180413b bul|||||r ||||||| ||bul||
010 ## - Наследен системен номер
LC control number KNG00026678000
020 ## - Международен стандартен номер на книга ISBN
Международен стандартен номер на книга ISBN 954-626-102-5
-- издат.: Аратрон
040 ## - Източник на каталожния запис
Идентификатор на билиотеката - собственик на записа BLK
041 ## - Код за език
Код за езика на текст/звукозапис или на отделно заглавие Български
Код за езика КДБФ Български
080 ## - УДК
Текстов определител УДК Индивидуална психология. Психология на личността. Индивидуалност. Психология на характера. Характерология. Психологическа типология
УДК код - определител по УДК 159.923
УДК определител
УДК - код + определител 159.923
080 ## - УДК
Текстов определител УДК Особености на духовния живот. Съзнание. Духовно развитие на човека. Диференциална психология. Генетична психология. Еволюционна психология
УДК код - определител по УДК 159.922
УДК определител
УДК - код + определител 159.922
080 ## - УДК
Текстов определител УДК Астрология
УДК код - определител по УДК 133.52
УДК определител
УДК - код + определител 133.52
080 ## - УДК
Текстов определител УДК Външен израз на психическите процеси и чертите на характера. Физиогномия. Френология. Графология. Краниоскопия
УДК код - определител по УДК 159.925
УДК определител
УДК - код + определител 159.925
100 1# - Редна дума - Автор
Автор Занос, Сюзан
Авторска отговорност първи автор
R(LIN) 69019
139 ## - Редно поле
Редна дума Занос, Сюзан
Авторски знак Зан - З 31
245 10 - Сведения за заглавието
Заглавие Човешките типове
Подзаглавни данни Същност и енеаграма
Редно поле (дума) Сюзан Занос; прев. от англ. Зорница Комарова.
260 ## - Област на издателските данни
-- София
Име на издателя, разпространителя и проч. Аратрон
Година на издаване 1999
Печатница Перник : Съперник 98
300 ## - Физическа характеристика
Страници 373 с.
Илюстрации и др. с ил., сх.
Размери/Мащаб 20 см
380 ## - Жанр
Жанр Философия
500 ## - Общи забележки
Забележка Ориг. загл. Human types / Susan Zannos. - Офс. изд. - 1 500 тир. - Съдържа и За автора. - Библиогр. с. 369-372.
504 ## - Забележка за наличие на библиография и др
Забележка за наличие на библиография и под. 369-372
650 #4 - Допълнително описание по предмет – тема
Основно описание – тема или топоним Личност - психология
9 (RLIN) 243160
650 #4 - Допълнително описание по предмет – тема
Основно описание – тема или топоним Физиогномика
9 (RLIN) 175297
650 #4 - Допълнително описание по предмет – тема
Основно описание – тема или топоним Астрология
9 (RLIN) 147757
653 ## - Ключова дума – ненормативна
Ключова дума човешки типове
653 ## - Ключова дума – ненормативна
Ключова дума физиогномика
653 ## - Ключова дума – ненормативна
Ключова дума астрология
653 ## - Ключова дума – ненормативна
Ключова дума личности
653 ## - Ключова дума – ненормативна
Ключова дума индивидуална психология
700 1# - Други автори (авторска отговорност)
Лично име Комарова, Зорница
Автороска отговорност (Описва отношението между автора и произведението) прев. от англ.
9 (RLIN) 365538
852 ## - Местоположение
Форматна сигнатура Цб 200329
856 4# - Електронен адрес и достъп
Електронен формат pdf - файл
Път до файла /url/
856 4# - Електронен адрес и достъп
Електронен формат pdf - файл
Път до файла /url/
942 ## - АРТИКУЛИ
Вид на библиотечния материал Книги
Скрит в OPAC Не
944 ## - СЪЗДАВАНЕ И РЕДАКЦИЯ на ЗАПИСА
Създаване/Редакция Създаване
Дата на регистрацията/редакция 15.01.2003
Служител, извършил регистрацията/редакцията АДМИНИСТРАТОР_НА_АБ
944 ## - СЪЗДАВАНЕ И РЕДАКЦИЯ на ЗАПИСА
Създаване/Редакция Редакция
Дата на регистрацията/редакция 18.08.2015
Служител, извършил регистрацията/редакцията Валя_Йорданова
999 ## - СИСТЕМНИ КОНТРОЛНИ НОМЕРА
Koha biblionumber 24173
Koha biblioitemnumber 24173
Наличности
Код за отписване Код за изгубен артикул Източник на класификационната схема Код за повреда Коз за рестрикции Код за отдаване Артикулен № Име на библиотеката - собственик Име на библиотеката, в която се намира в момента Статус (Текущо местоположение) Дата на вписване в системата Местоположение - отдел Цена в лева Инвентарен номер Систематично азбучна сигнатура Баркод Номер на екземпляра Цена в евро Служебна бележка Служебен тип на артикула
  Не е изгубен Universal Decimal Classification Не е повреден без рестрикции ползва се в читалня 39914 Регионална библиотека "Любен Каравелов" Русе Регионална библиотека "Любен Каравелов" Русе Читалня 1999-01-01 Читалня 6.00 646987 Ч 159.9/З 31 120000646987 1 3.07 Дата: 01.01.1999 Дата инв: 21.03.2017 Бележки инв: Ч2017 Книги
Vip Innovations Ltd, Rousse, Bulgaria 2025